A Predator In Paradise: (Record no. 182122)

MARC details
000 -LEADER
fixed length control field 00595nam a22001937a 4500
005 - DATE AND TIME OF LATEST TRANSACTION
control field 20211026115505.0
010 ## - LCCN (DPL NO)
LC control number ENG-130068
020 ## - INTERNATIONAL STANDARD BOOK NUMBER
International Standard Book Number 978-93-89624-60-1
Terms of availability 180.00
035 ## - SYSTEM CONTROL NUMBER
System control number EN-113600
037 ## - SOURCE OF ACQUISITION
Source of stock number/acquisition DBAD/PUB
082 ## - DEWEY DECIMAL CLASSIFICATION NUMBER
Classification number N
100 ## - MAIN ENTRY--PERSONAL NAME
Personal name Sharma,Prachi
245 ## - TITLE STATEMENT
Title A Predator In Paradise:
Statement of responsibility, etc by Prachi Sharma
250 ## - EDITION STATEMENT
Edition statement 2020
260 ## - PUBLICATION, DISTRIBUTION, ETC. (IMPRINT)
Name of publisher, distributor, etc Vishwakarma Publications
Date of publication, distribution, etc 2020
Place of publication, distribution, etc Maharashtra
270 ## - ADDRESS
Address 34A/1, Suyog Center, 7th floor, Gultekedi Marketyard Road, Giridhar Bhavan Chowk,
Postal code 411037
City Pune
Electronic mail address info@vpindia.co.in
300 ## - PHYSICAL DESCRIPTION
Extent 136p.
Dimensions 22cm (pbk)
942 ## - ADDED ENTRY ELEMENTS (KOHA)
Source of classification or shelving scheme Dewey Decimal Classification
Item type English Books
Classification part N
Call number suffix Sha
Holdings
Withdrawn status Lost status Not for loan Collection code Home library Current library Date acquired Source of acquisition Cost, normal purchase price Full call number Barcode Copy number Cost, replacement price Koha item type
      Fiction Mobile Library Mobile Library 26/10/2021 dbad/pub 180.00 N Sha EN-113600 1 180.00 English Books

© Delhi Public Library
Hit Counter
free hit counter